| 000 | 00355nam a22001577a 4500 | ||
|---|---|---|---|
| 003 | SGT | ||
| 020 | _a9788126728206 | ||
| 082 |
_a930 _bC16M |
||
| 100 | _aDilip Mandal | ||
| 245 | _aChautha Khambha Private Limited | ||
| 250 | _a1ST | ||
| 260 |
_aNEW DELHI _bRAJKAMAL PRAKASHAN _c2016 |
||
| 300 | _a151 | ||
| 650 | _aMASS COMMUNICATION | ||
| 942 |
_2ddc _cBK |
||
| 999 |
_c12868 _d12868 |
||